| 000 | 00643nam a2200205Ia 4500 | ||
|---|---|---|---|
| 003 | GCL | ||
| 008 | 140319s9999 xx 000 0 ara d | ||
| 040 |
_aGCL / _cGCL |
||
| 082 | 0 | 4 |
_a370.7122 _bم ت |
| 100 | 1 | _aمحمود عبدالحليم منسى | |
| 245 | 1 | 0 |
_aالتعليم الاساسى وابداع التلاميذ / _cمحمود عبدالحليم منسى |
| 300 | _a204 ص | ||
| 490 |
_aسلسلة التربية والابداع _v0 |
||
| 650 | 0 | 4 | _aالتربية |
| 650 | 0 | 4 | _aالمناهج |
| 650 | 0 | 4 | _aالتعليم الابتدائى |
| 650 | 0 | 4 | _aالمدرسون |
| 650 | 0 | 4 | _aالابداع |
| 942 |
_2ddc _cBK |
||
| 999 |
_c41466 _d41466 |
||